000
00282nam a22001217a 4500
008
150904t xxu||||| |||| 00| 0 eng d
020
_a
978-81-313-0749-6
082
_a
615.5 ARU
100
_a
Dr. V. Arunkumar
_9
1058
245
_a
Plant Biochemistry
300
_a
137
942
_2
ddc
_c
BK
999
_c
17309
_d
17309